000 00783cam a2200265 a 4500
999 _c8048
_d8048
001 8048
003 BD-JhCC
005 20180313184753.0
008 741212r1973 pk a 000 0beng
035 _a(BD-JhCC)8048
035 _a234900
040 _aLC
_cLC
_dNNCU:A
_dBD-JhCC
041 _aeng
050 0 0 _aDS395.7.M9
_bH87
082 0 4 _a954.9/2/040924
_bHUQ 1973
100 1 _aHuq, Obaidul.
245 1 0 _aVoice of thunder /
_cObaidul Huq.
260 _aDacca :
_bAnjam Maroof,
_c1973.
300 _a213 p. :
_bill. ;
_c22 cm.
500 _a"Serialised in the Bangladesh Observer under the title: A leader with a difference."
600 0 0 _aMujibur Rahman,
_cSheikh,
_d1922-1975.
651 0 _aBangladesh
_xPolitics and government.
942 _2ddc
_cBK